Cuestiones de inocuidad de los alimentos asociadas con los productos de la acuicultura. (Registro nro. 1861)

Detalles MARC
000 -LEADER
fixed length control field 01114nam a2200313 a 4500
003 - CONTROL NUMBER IDENTIFIER
control field OSt
005 - FECHA ULTIMA MODIFICACION
control field 20131022174214.0
008 - FIXED-LENGTH DATA ELEMENTS--GENERAL INFORMATION
fixed length control field 131022s1999 sz ||||| |||| 00| 0 spa d
020 ## - INTERNATIONAL STANDARD BOOK NUMBER
International Standard Book Number 92-4-320883-7
040 ## - CATALOGING SOURCE
Transcribing agency Biblioteca Medicina
041 ## - LANGUAGE CODE
Language code of text/sound track or separate title spa
082 ## - DEWEY DECIMAL CLASSIFICATION NUMBER
Item number OMS IT 883
110 ## - MAIN ENTRY--CORPORATE NAME
Corporate name or jurisdiction name as entry element Organizacion Mundial de la Salud
9 (RLIN) 1006
245 00 - TITLE STATEMENT
Title Cuestiones de inocuidad de los alimentos asociadas con los productos de la acuicultura.
Remainder of title Informe de un Grupo de Estudio Mixto FAO/RCAAP/OMS
250 ## - EDITION STATEMENT
Edition statement 1º ed.
260 ## - PUBLICATION, DISTRIBUTION, ETC. (IMPRINT)
Place of publication, distribution, etc Ginebra
Name of publisher, distributor, etc Organizacion Mundial de la Salud
Date of publication, distribution, etc 1999
300 ## - PHYSICAL DESCRIPTION
Extent 64 p.
440 00 - SERIES STATEMENT/ADDED ENTRY--TITLE
Title Informes Tecnicos
Number of part/section of a work 883
9 (RLIN) 2780
653 ## - INDEX TERM--UNCONTROLLED
Uncontrolled term CRUSTACEA-PARASITOLOGIA
653 ## - INDEX TERM--UNCONTROLLED
Uncontrolled term CRUSTACEA-MICROBIOLOGIA
653 ## - INDEX TERM--UNCONTROLLED
Uncontrolled term PRODUCTOS PESQUEROS-PARASITOLOGIA
653 ## - INDEX TERM--UNCONTROLLED
Uncontrolled term PRODUCTOS PESQUEROS-MICROBIOLOGIA
653 ## - INDEX TERM--UNCONTROLLED
Uncontrolled term ACUICULTURA
653 ## - INDEX TERM--UNCONTROLLED
Uncontrolled term CONTAMINACION DE ALIMENTOS
653 ## - INDEX TERM--UNCONTROLLED
Uncontrolled term SUSTANCIAS PELIGROSAS-EFECTOS ADVERSOS
653 ## - INDEX TERM--UNCONTROLLED
Uncontrolled term CONTROL DE RIESGO-METODOS
942 ## - ADDED ENTRY ELEMENTS (KOHA)
Source of classification or shelving scheme Dewey Decimal Classification
Koha item type Hemeroteca
Existencias
Withdrawn status Lost status Fuente de clasificación Damaged status Not for loan Colección Ubicación permanente Ubicación actual Sala de ubicación Fecha de adquisición Total Checkouts Número de clasificación Código de barras Date last seen Número de ejemplar Price effective from Koha tipo de elemento (item)
    Dewey Decimal Classification     Non-fiction Biblioteca Medicina Biblioteca Medicina Circulación 22/10/2013   OMS IT 883 H0101 06/11/2014 Ej. 1 22/10/2013 Hemeroteca

UNIVERSIDAD NACIONAL DEL COMAHUE
Biblioteca de la Facultad de Ciencias Médicas
Sede Toschi: Los Arrayanes y Av. Toschi, Cipolletti  - Rio Negro
Sede Los Tordos:  Yrigoyen al 2211, Cipolletti - Rio Negro 

Teléfono: 0299 - 4774707 int 25
Contacto: biblioteca@facimed.uncoma.edu.ar
© 2011 - 2026